000 00771nam a22002417a 4500
005 20250714172021.0
008 250714b |||||||| |||| 00| 0 eng d
040 _bEnglish
_cURS
_erda
050 _aLC191.4
_b.S684 2010
100 _aSpring, Joel,
_eauthor.
245 _aAmerican Education /
_cJoel Spring.
264 _aNew York :
_bMcGraw-Hill,
_c©2010.
300 _axi, 289 pages ;
_c24 cm.
336 _2rdacontent
_atext
_btxt
337 _2rdamedia
_aunmediated
_bn
338 _2rdacarrier
_avolume
_bnc
500 _aIncludes index.
650 0 _aSecond language acquisition.
_91512
650 0 _aReading.
_96226
650 0 _aLanguage and languages
_xAbility testing.
_96227
650 0 _aLanguage and languages
_xStudy and teaching.
_91200
942 _2lcc
_cFR
999 _c83569
_d83568